The heroic age of Scandinavia /
Main Author:
Format: Book
Language: English
Published:
London ; New York :
Hutchinson's University Library,
[1951].
Series:
Hutchinson's university library. History.
Subjects:
Tags: Add Tag
Call Number: DL61 .T8 1951
| LEADER | 00758nam a2200253u 4500 | ||
|---|---|---|---|
| 001 | 354 | ||
| 003 | OSt | ||
| 005 | 20260121141237.0 | ||
| 008 | 130303s1951 enka 000 0 eng d | ||
| 010 | |a 51014881 /L | ||
| 035 | |a rdb03188221 | ||
| 040 | |c ARCE Library | ||
| 043 | |a ev----- | ||
| 050 | 4 | |a DL61 .T8 1951 | |
| 100 | 1 | |a Turville-Petre, Gabriel, |e author |9 41346 | |
| 245 | 1 | 4 | |a The heroic age of Scandinavia / |c Gabriel Turville-Petre. |
| 264 | 1 | |a London ; |a New York : |b Hutchinson's University Library, |c [1951]. | |
| 300 | |a 196 pages : |b illustrations ; |c 20 cm. | ||
| 490 | 0 | |a Hutchinson's university library. History. | |
| 651 | 0 | |a Scandinavia |x History |y To 1397. | |
| 651 | 0 | |a Scandinavia |x History. | |
| 901 | |a reviewed | ||
| 942 | |c BK |2 lcc | ||
| 999 | |c 536 |d 536 | ||
